| 000 | 00576pam a2200217 a 4500 | ||
|---|---|---|---|
| 001 | 579457 | ||
| 005 | 20251114163254.0 | ||
| 008 | 900226s1991 nyua 001 0 eng | ||
| 020 |
_a0070105189 : _c$52.95 |
||
| 020 | _a9780070105188 | ||
| 050 | 0 | 0 |
_aQD31.2 _b.C37 1991 |
| 082 | 0 | 0 |
_a540 _220 |
| 100 | 1 | _aChang, Raymond. | |
| 245 | 1 | 0 |
_aChemistry / _cRaymond Chang. |
| 250 | _a4th ed. | ||
| 260 |
_aNew York : _bMcGraw-Hill, _cc1991. |
||
| 300 |
_axxv, 1065, [44] p. : _bill. ; _c26 cm. |
||
| 500 | _aIncludes index. | ||
| 650 | 0 | _aChemistry. | |
| 942 |
_2lcc _cBK _e4th Ed. _n0 |
||
| 999 |
_c8265 _d8265 |
||